Statistiques concernant Géographie physique des États-Unis

Cliquez ici pour prendre le quiz!

Statistiques générales

  • Ce quiz a été pris 81 fois
  • Le résultat moyen est 11 sur 20

Statistiques - réponses

QuestionRéponse% Correct
Archipel pacifique, seul état insulaireHawaï
95%
Texas
95%
Plus grand pays frontalierCanada
86%
Plus grands étatsAlaska
83%
Californie
83%
Plus longs cours d’eau (longueur totale)
Mississippi
81%
Plus petit étatRhode Island
70%
Célèbre rue new-yorkaise connue pour sa bourseWall Street
69%
Plus grand lac du mondeLac Supérieur
61%
Colorado
57%
Le 51ème état ?Porto Rico
55%
Montana
51%
Nouveau-Mexique
49%
Chaîne de montagnes allant de Terre-Neuve jusqu’à l’état d’AlabamaAppalaches
43%
Rio Grande
35%
Chaîne de montagnes située entre le Nevada et la CalifornieSierra Nevada
31%
Point culminantDenali
30%
Ancien nom du point culminantMont McKinley
25%
Volcan en quasi-constante éruption depuis 1983Kilauea
8%
Brazos
3%

Distribution des résultats

Percentile par nombre de réponses

% des personnes avec chaque résultat

Votre développement - résultats

Vous n’avez pas pris ce quiz